| 000 | 00481nam a2200157 4500 | ||
|---|---|---|---|
| 001 | 123667 | ||
| 003 | ES-MaACL | ||
| 005 | 20230906192221.0 | ||
| 007 | t| | ||
| 008 | 070214s1949 sp r ||||1| spa d | ||
| 100 | 1 |
_aRaida, Pedro. _995023 |
|
| 245 | 1 | 0 |
_aRegalo de crítica y labor de crítico _b: un amor pasional en amor literario / _cPedro Raida. |
| 260 |
_aMadrid : _b[s. n.], _c1949 ( _fGráf. Uguina) |
||
| 300 |
_a89 p. ; _c21 cm. |
||
| 852 |
_aES-MaACL _j1892-F-4 _bR.26562 |
||
| 999 |
_c123667 _d123667 |
||